Revista latinoamericana de ciencia política (Record no. 4129)
[ view plain ]
| 000 -CABECERA | |
|---|---|
| campo de control de longitud fija | 00539caa a22001932a 4500 |
| 001 - NÚMERO DE CONTROL | |
| campo de control | 001351 |
| 003 - IDENTIFICADOR DEL NÚMERO DE CONTROL | |
| campo de control | AR-FADEU |
| 008 - DATOS DE LONGITUD FIJA--INFORMACIÓN GENERAL | |
| campo de control de longitud fija | 311216n############xxu####################dd |
| 092 ## - ASIGNACIÓN LOCAL DE SIGNATURA TOPOGRÁFICA DEWEY (OCLC) | |
| Número de clasificación | PP(320)REV |
| 100 ## - ENTRADA PRINCIPAL--NOMBRE DE PERSONA | |
| Nombre de persona | Galtung, Johan |
| 245 ## - MENCIÓN DE TÍTULO | |
| Resto del título | Sistemas feudales, violencia estructural y teoría estructural de las revoluciones. IIº parte |
| 245 ## - MENCIÓN DE TÍTULO | |
| Título | Revista latinoamericana de ciencia política |
| 260 ## - PUBLICACIÓN, DISTRIBUCIÓN, ETC. (PIE DE IMPRENTA) | |
| Fecha de publicación, distribución, etc. | ago. 1970 |
| 300 ## - DESCRIPCIÓN FÍSICA | |
| Extensión | 181-201 |
| 440 ## - MENCIÓN DE SERIE/PUNTO DE ACCESO ADICIONAL--TÍTULO | |
| Designación de volumen o secuencia | 1 |
| 440 ## - MENCIÓN DE SERIE/PUNTO DE ACCESO ADICIONAL--TÍTULO | |
| Número de parte o sección de la obra | 2 |
| 650 ## - PUNTO DE ACCESO ADICIONAL DE MATERIA--TÉRMINO DE MATERIA | |
| Término de materia o nombre geográfico como elemento inicial | REVOLUCION-TEORIA ESTRUCTURAL |
| 942 ## - ELEMENTOS DE PUNTO DE ACCESO ADICIONAL (KOHA) | |
| Tipo de ítem Koha | PPGR |
No items available.